000 00601nam a22002177a 4500
003 UA-OsUOA
001 18542
007 ta
008 20040210b un ||||| |||| 00| 0 ukr d
090 _bС-791
942 _cBK
040 _aUA-OsUOA
_bukr
_cUA-OsUOA
_dUA-OsUOA
245 _aСтежками легенд і переказів
_bФольклорні топоніми Костопільщини
300 _a39 с.
955 _a0
041 _aukr
591 _a81.2(4Укр-4Рів)
260 _aКостопіль
_c2001
044 _aUA
650 7 _aКраєзнавча робота
_2UDC
999 _c304713
_d304713